[Event "38th Olympiad"]
[Site "Dresden GER"]
[Date "2008.11.20"]
[Round "7"]
[White "Al Modiahki,M"]
[Black "Obodchuk,A"]
[Result "1-0"]
[WhiteElo "2559"]
[BlackElo "2434"]

1.e4 c5 2.Nf3 d6 3.Bb5+ Bd7 4.Bxd7+ Qxd7 5.c4 Nf6 6.Nc3 g6 7.d4 cxd4 8.Nxd4 Bg7
9.f3 O-O 10.Be3 Rc8 11.b3 Nc6 12.Rc1 a6 13.Nxc6 Rxc6 14.a4 e6 15.O-O Qd8
16.Kh1 Qa5 17.Bd2 Qc7 18.Qe2 Nd7 19.Rfd1 Qd8 20.Be1 Be5 21.g3 Qe7 22.f4 Bg7
23.Qf3 Nc5 24.Ne2 Re8 25.Bf2 Rcc8 26.Rc2 b6 27.Rcd2 Red8 28.Kg2 Bf8 29.h4 Qb7
30.Bxc5 Rxc5 31.e5 Qxf3+ 32.Kxf3 d5 33.cxd5 exd5 34.Rd3 b5 35.Nc3 bxa4 36.bxa4 d4
37.Ne2 Rb8 38.Rxd4 Rb2 39.R1d2 Rcc2 40.Rxc2 Rxc2 41.Rd8 Kg7 42.Rd7 Rc6 43.Nd4 Rc3+
44.Kg2 Kg8 45.e6 fxe6 46.Nxe6 Rc6 47.Nxf8 Kxf8 48.Rxh7 Rc4 49.h5 gxh5 50.Rxh5 Rxa4
51.Rh7 a5 52.Kh3 Ra1 53.Ra7 a4 54.Kh4 a3 55.Kg5 a2 56.g4 Ke8 57.f5 Kd8 58.f6 Ke8
59.Kg6  1-0

[Event "38th Olympiad"]
[Site "Dresden GER"]
[Date "2008.11.20"]
[Round "7"]
[White "Kirby,P"]
[Black "Luna,Ra"]
[Result "1-0"]
[WhiteElo "2049"]
[BlackElo "2133"]

1.e4 c5 2.Nf3 d6 3.Bb5+ Bd7 4.Bxd7+ Qxd7 5.O-O Nc6 6.c3 Nf6 7.Re1 Qc7 8.d4 O-O-O
9.Qa4 e6 10.Na3 Qa5 11.Qxa5 Nxa5 12.Bg5 h6 13.Bxf6 gxf6 14.d5 b6 15.Nd2 a6
16.b4 Nb7 17.b5 a5 18.Nac4 Kc7 19.Nb2 Bg7 20.Na4 Rb8 21.Nc4 Nd8 22.Rad1 Bf8
23.Rd3 Rg8 24.Red1 exd5 25.exd5 Rg4 26.Nab2 h5 27.Re3 Nb7 28.f3 Rg8 29.Na4 Nd8
30.Rde1 Rb7 31.Re8 h4 32.h3 Ra7 33.R1e4 Rb7 34.Rxh4  1-0

[Event "9th Open"]
[Site "Liberec CZE"]
[Date "2008.11.20"]
[Round "7"]
[White "Zdrazil,B"]
[Black "Suchomel,A"]
[Result "1-0"]
[WhiteElo "1953"]
[BlackElo "1816"]

1.e4 c5 2.Nf3 d6 3.Bb5+ Nc6 4.O-O Bd7 5.Re1 e6 6.d4 cxd4 7.Nxd4 Nf6 8.Nxc6 Bxc6
9.Bxc6+ bxc6 10.b3 Be7 11.Bb2 O-O 12.Nd2 e5 13.c4 Qc7 14.Qe2 Nd7 15.Nf3 a5
16.Bc3 Rfb8 17.Rab1 Nc5 18.Bd2 Rb7 19.Qf1 h6 20.g3 Rab8 21.Bc3 Na6 22.Nd2 Nb4
23.Rb2 f6 24.Reb1 d5 25.a3 d4 26.Bxb4 Bxb4 27.axb4 Rxb4 28.Ra2 c5 29.Rba1 Qb6
30.Rxa5 Kh7 31.Qh3 d3 32.Qf5+ Kh8 33.Ra7 Rb7 34.Qc8+ Kh7 35.Rxb7 Qxb7 36.Qxb7 Rxb7
37.Kg2  1-0

[Event "38th Olympiad"]
[Site "Dresden GER"]
[Date "2008.11.21"]
[Round "8"]
[White "Movsesian,S"]
[Black "Papaioannou,I"]
[Result "1-0"]
[WhiteElo "2732"]
[BlackElo "2597"]

1.e4 c5 2.Nf3 d6 3.Bb5+ Nc6 4.O-O Bd7 5.Re1 Nf6 6.c3 a6 7.Ba4 c4 8.Bc2 e5
9.b3 b5 10.Na3 Na5 11.d4 cxd3 12.Bxd3 Be7 13.c4 bxc4 14.Nxc4 Nxc4 15.Bxc4 O-O
16.Bg5 Ne8 17.Be3 Nf6 18.Qd3 Bc6 19.Bg5 Nh5 20.Rad1 Bxg5 21.Qxd6 Qxd6 22.Rxd6 Bb5
23.Nxg5 Bxc4 24.bxc4 Rfc8 25.Rc1 Nf6 26.f3 Rc5 27.Nh3 Kf8 28.Nf2 Ke7 29.Rd3 Ra5
30.a3 Nd7 31.Rb1 Ra7 32.Ng4 f6 33.Ne3 g6 34.Nd5+ Kf7 35.g4 Rc5 36.Rc3 Rc6
37.Kf2 Nc5 38.Rb8 a5 39.Rb5 Ke6 40.Ke3 Kf7 41.Rc1 a4 42.Nb4 Rc8 43.Rb6 Nb3
44.Rc3 Rac7 45.Nd5 Rxc4 46.Rxf6+ Kg7 47.Rxc4 Rxc4 48.Ra6  1-0

[Event "38th Olympiad"]
[Site "Dresden GER"]
[Date "2008.11.21"]
[Round "8"]
[White "Hracek,Z"]
[Black "Agdestein,S"]
[Result "1/2-1/2"]
[WhiteElo "2613"]
[BlackElo "2588"]

1.e4 c5 2.Nf3 d6 3.Bb5+ Bd7 4.Bxd7+ Qxd7 5.c4 Nf6 6.Nc3 g6 7.d4 cxd4 8.Nxd4 Bg7
9.h3 Qc7 10.b3 Qa5 11.Bd2 Nxe4 12.Nxe4 Qe5 13.Qb1 f5 14.Bc3 Qxe4+ 15.Qxe4 fxe4
16.Nb5 Bxc3+ 17.Nxc3 e3 18.f3 Nc6 19.O-O-O a6 20.Kb2 O-O 21.Rhe1 Rf5 22.Rxe3 g5
23.Nd5 Kf7 24.a4 Re5 25.Rxe5 Nxe5 26.Rd4 Nc6 27.Re4 e5 28.h4 Rg8 29.Ne3 h5
30.hxg5 Rxg5 31.Rh4 Nd4 32.Kc3 Ne2+ 33.Kd2 Ng3 34.Kd3 Ke6 35.a5 Rg7 36.b4 Rg8
37.Rh3 Rg5 38.Rh4 Rg8 39.Rh2 Rg5 40.Rh3 Nf5 41.Nxf5 Rxf5 42.g4 hxg4 43.fxg4 Rf4
44.Rh6+ Kd7 45.g5 Rf3+ 46.Ke2 Rg3 47.Rg6 Rg4 48.b5 Rxc4 49.Rg7+ Ke6 50.Rxb7 Kf5
51.bxa6 Rc5 52.Rb8 Rxa5 53.Ra8 Kg6 54.a7 Kg7  1/2-1/2

[Event "38th Olympiad"]
[Site "Dresden GER"]
[Date "2008.11.21"]
[Round "8"]
[White "Meier,Geo"]
[Black "Dominguez Perez,L"]
[Result "1/2-1/2"]
[WhiteElo "2558"]
[BlackElo "2719"]

1.e4 c5 2.Nf3 d6 3.Bb5+ Bd7 4.Bxd7+ Qxd7 5.c4 Nf6 6.Nc3 g6 7.d4 cxd4 8.Nxd4 Bg7
9.f3 O-O 10.O-O Rc8 11.b3 d5 12.exd5 Nxd5 13.Nxd5 e6 14.Bh6 exd5 15.Bxg7 Kxg7
16.Nb5 dxc4 17.Nd6 Rd8 18.Nxb7 Qxd1 19.Rfxd1 Rxd1+ 20.Rxd1 cxb3 21.axb3 Nc6
22.Rd7 a5 23.Kf2 a4 24.bxa4 Rxa4 25.Rd2 Ne5 26.Nc5 Rc4 27.Nd7 Nxd7 28.Rxd7 Rc2+
29.Kg3 Rb2 30.h4 h5 31.Rd4 Rc2  1/2-1/2

[Event "38th Olympiad"]
[Site "Dresden GER"]
[Date "2008.11.21"]
[Round "8"]
[White "Chan Wei Xuan,T"]
[Black "Tologontegin,S"]
[Result "0-1"]
[WhiteElo "2264"]
[BlackElo "2359"]

1.e4 c5 2.Nf3 d6 3.Bb5+ Bd7 4.Bxd7+ Qxd7 5.O-O Nc6 6.c3 Nf6 7.d4 cxd4 8.cxd4 e6
9.Nc3 d5 10.Ne5 Nxe5 11.dxe5 Nxe4 12.Nxe4 dxe4 13.Qg4 g6 14.Be3 Bg7 15.Bc5 Qd5
16.Bd6 Bxe5 17.Rfd1 Bd4 18.Bb4 O-O-O 19.Be7 f5 20.Qg3 e5 21.Bxd8 Rxd8 22.Qa3 Kb8
23.Rac1 Qe6 24.Qa5 Qd6 25.Kh1 h5 26.Rd2 f4 27.Rdc2 Bb6 28.Qe1 e3 29.f3 g5
30.a4 a5 31.Qe2 Qd3 32.Rc8+ Ka7 33.Qe1 Rxc8 34.Rxc8 e2 35.Rc3 Qd1 36.Rc1 Qxc1  0-1

[Event "38th Olympiad w"]
[Site "Dresden GER"]
[Date "2008.11.21"]
[Round "8"]
[White "Dedijer,M"]
[Black "Sischy,M"]
[Result "1-0"]
[WhiteElo "1999"]
[BlackElo "1965"]

1.e4 c5 2.Nf3 d6 3.Bb5+ Bd7 4.Bxd7+ Qxd7 5.O-O Nc6 6.b3 Nf6 7.Re1 g6 8.Bb2 Bg7
9.d4 cxd4 10.Nxd4 Rc8 11.c4 O-O 12.Nc3 a6 13.Na4 Qc7 14.Nxc6 Qxc6 15.Qd4 Rc7
16.Rac1 Rfc8 17.Qb6 Qd7 18.f3 Rc6 19.Qe3 Qd8 20.e5 dxe5 21.Bxe5 e6 22.Rcd1 Qa5
23.Bc3 Qc7 24.Be5 Qe7 25.Qd4 Nh5 26.Bxg7 Nxg7 27.Nb6 Re8 28.Nd5 Qa3 29.Nf6+ Kf8
30.Nxh7+ Kg8 31.Nf6+ Kf8 32.Nxe8 Nxe8 33.Qh8+ Ke7 34.Qh4+ Nf6 35.Re2 a5 36.Red2 Rc7
37.Qh8 Rd7 38.Rxd7+ Nxd7 39.Qd4 Qc5 40.Qxc5+ Nxc5 41.Kf2 b6 42.Ke3 f6 43.Kd4 e5+
44.Kc3 Na6 45.a3 Nc5 46.b4 axb4+ 47.Kxb4  1-0

[Event "TCh-AUT 2nd Bundesliga Ost 2008-9"]
[Site "Austria AUT"]
[Date "2008.11.22"]
[Round "4"]
[White "Brandner,S"]
[Black "Vyskocil,N"]
[Result "0-1"]
[WhiteElo "2296"]
[BlackElo "2315"]

1.e4 c5 2.Nf3 d6 3.Bb5+ Nd7 4.c3 Nf6 5.Qe2 a6 6.Ba4 e5 7.d4 Qc7 8.O-O Be7
9.b4 cxd4 10.cxd4 O-O 11.Bb2 d5 12.Nc3 exd4 13.Nxd5 Nxd5 14.exd5 Nf6 15.Nxd4 Bxb4
16.Rac1 Qa5 17.Bb3 Bd7 18.Qf3 Ba3 19.Bc3 Qd8 20.Rcd1 Bg4  0-1

[Event "38th Olympiad"]
[Site "Dresden GER"]
[Date "2008.11.22"]
[Round "9"]
[White "Iordachescu,V"]
[Black "Kozul,Z"]
[Result "1/2-1/2"]
[WhiteElo "2572"]
[BlackElo "2593"]

1.e4 c5 2.Nf3 d6 3.Bb5+ Bd7 4.Bxd7+ Nxd7 5.O-O Ngf6 6.Qe2 e6 7.b3 Be7 8.Bb2 O-O
9.c4 a6 10.d4 cxd4 11.Nxd4 Qa5 12.Nc3 Rac8 13.Rad1 Rfe8 14.Kh1 Bd8 15.f4 Bc7
16.Rd3 Bb8 17.Rh3 Qc5 18.Nf3 b5 19.e5 dxe5 20.fxe5 Nxe5 21.Ng5 Qe7 22.Nxh7 Nfg4
23.Nxb5 axb5 24.Bxe5 f5 25.Bxb8 Rxb8 26.Rh5 bxc4 27.bxc4 Rb6 28.h3 Nh6 29.Ng5 Reb8
30.Qe5 Rc8 31.Re1 Nf7 32.Nxf7 Qxf7 33.c5 Ra6 34.Qe2 Rcc6 35.Rh4 Ra5 36.Rd1 Rc8
37.c6 Rd5 38.Rc4 e5 39.Rxd5 Qxd5 40.c7 e4 41.Rc1 Qd7 42.Qc4+ Kh7 43.a4 Qd2
44.Qc5 Qf4 45.Qc4 Qd2 46.Qc2 Qf4 47.a5 e3 48.Qe2 Rxc7 49.Qh5+ Kg8 50.Qe8+ Kh7
51.Qh5+ Kg8 52.Qe8+ Kh7 53.Qh5+  1/2-1/2

[Event "38th Olympiad"]
[Site "Dresden GER"]
[Date "2008.11.22"]
[Round "9"]
[White "Al Modiahki,M"]
[Black "Ziska,H"]
[Result "1-0"]
[WhiteElo "2559"]
[BlackElo "2416"]

1.e4 c5 2.Nf3 d6 3.Bb5+ Bd7 4.Bxd7+ Qxd7 5.c4 Nf6 6.Nc3 g6 7.d4 cxd4 8.Nxd4 Bg7
9.f3 O-O 10.Be3 Rc8 11.b3 a6 12.a4 Nc6 13.O-O Qc7 14.Nde2 Qa5 15.Qd2 Rd8
16.Rab1 e6 17.Rfd1 Rac8 18.Kh1 Rd7 19.Qe1 d5 20.cxd5 exd5 21.b4 Qd8 22.Bg5 d4
23.Nd5 Rxd5 24.exd5 Qxd5 25.Bxf6 Bxf6 26.b5 axb5 27.axb5 Nd8 28.Nc3 Qd7 29.Ne4 Be7
30.Rdc1 Rxc1 31.Qxc1 Ne6 32.Qc4 Kg7 33.Rd1 Bd8 34.g3 Bb6 35.Nc3 Ba5 36.Nd5 Bd8
37.Nf4 Bf6 38.Nxe6+ fxe6 39.b6 Kh6 40.Qc7 Qd5 41.Qf4+ Kg7 42.Qe4 Qxe4 43.fxe4 Kf7
44.Kg2 Ke7 45.Rc1 Be5 46.Kf3 h5 47.Ke2 h4 48.gxh4 Bxh2 49.Kd3 Bg3 50.Rc2 Kd6
51.Rc7 Bxh4 52.Rxb7 Kc6 53.Rg7 Kxb6 54.Rxg6 Kc5 55.Rxe6 Bf2 56.Ra6 Be3 57.Ra5+ Kd6
58.e5+  1-0

[Event "TCh-AUT 2nd Bundesliga Ost 2008-9"]
[Site "Austria AUT"]
[Date "2008.11.23"]
[Round "5"]
[White "Vyskocil,N"]
[Black "Pinter,E"]
[Result "0-1"]
[WhiteElo "2315"]
[BlackElo "2415"]

1.e4 c5 2.Nf3 d6 3.Bb5+ Nd7 4.d4 Nf6 5.Nc3 cxd4 6.Qxd4 a6 7.Bxd7+ Bxd7 8.Bg5 Rc8
9.O-O-O h6 10.Be3 e5 11.Qb6 Qxb6 12.Bxb6 Rc6 13.Be3 Be7 14.Nd2 Ng4 15.Nf1 Bg5
16.Bxg5 hxg5 17.Rd2 Be6 18.f3 Nf6 19.Ne3 g4 20.Ncd5 gxf3 21.gxf3 Bxd5 22.exd5 Rc5
23.Nf5 Kd7 24.Nxg7 Rxd5 25.Nf5 Rxd2 26.Kxd2 Nh5 27.Rf1 Ke6 28.Ne3 f5 29.Rg1 f4
30.Ng4 Nf6 31.Rg2 Nxg4 32.fxg4 Kf6 33.c4 Kg5 34.Kd3 f3 35.Rf2 Kf4  0-1

[Event "38th Olympiad"]
[Site "Dresden GER"]
[Date "2008.11.23"]
[Round "10"]
[White "Svetushkin,D"]
[Black "Hillarp Persson,T"]
[Result "1/2-1/2"]
[WhiteElo "2588"]
[BlackElo "2543"]

1.e4 c5 2.Nf3 d6 3.Bb5+ Nd7 4.O-O a6 5.Bxd7+ Bxd7 6.d4 cxd4 7.Qxd4 Rc8 8.a4 e5
9.Qd3 Qc7 10.Nc3 Be6 11.Rd1 h6 12.Be3 Nf6 13.a5 Bc4 14.Qd2 Qc6 15.Bb6 Be7
16.Qe3 O-O 17.Nh4 Be6 18.Nf5 Bxf5 19.exf5 Bd8 20.Rd2 Bxb6 21.axb6 d5 22.Qxe5 Qxb6
23.Nxd5 Nxd5 24.Rxd5 Rxc2 25.Rf1 Qxb2 26.Qxb2 Rxb2 27.g4 b6 28.Rc1 a5 29.Rd7 a4
30.Ra7 b5 31.Rcc7 Rb3 32.Kg2 a3 33.h4 b4 34.g5 hxg5 35.hxg5 Rb2 36.g6 a2
37.gxf7+ Kh7 38.Kg3 Rb3+ 39.Kg4 Ra3 40.Rxa3 bxa3 41.Rc3 Rxf7 42.Rxa3 g6 43.fxg6+ Kxg6
44.Rxa2 Rb7 45.Ra6+ Kf7 46.Rh6 Rb4+ 47.f4 Rb5 48.Rh5  1/2-1/2

[Event "38th Olympiad"]
[Site "Dresden GER"]
[Date "2008.11.23"]
[Round "10"]
[White "Hatanbaatar,B"]
[Black "Kanep,M"]
[Result "1/2-1/2"]
[WhiteElo "2375"]
[BlackElo "2526"]

1.e4 c5 2.Nf3 d6 3.Bb5+ Nd7 4.d4 Nf6 5.O-O cxd4 6.Qxd4 e5 7.Qd3 h6 8.c4 Be7
9.Nc3 O-O 10.Bxd7 Bxd7 11.Be3 Be6 12.Rfe1 Kh8 13.Nd2 Ng4 14.Nf1 f5 15.f3 fxe4
16.Nxe4 Nf6 17.Red1 Nxe4 18.Qxe4 Qc8 19.b3 b5 20.cxb5 d5 21.Qxe5 Bf6 22.Qg3 Bxa1
23.Rxa1 Qd7 24.Bd4 Bf5 25.Ne3 Rf7 26.Rc1 Rc8 27.Rxc8+ Qxc8 28.h3 Be6 29.Qg6 Kg8
30.Kf2 Qe8 31.Kg1 Qc8 32.Qg3 Rb7 33.Qe5 Qd7 34.f4 Qf7 35.f5 Bc8 36.a4 Kh7
37.g4 Re7 38.Qd6 Rd7 39.Qb8 Rc7 40.Be5 Rc1+ 41.Kf2 Qe7 42.Qd6 Qxd6 43.Bxd6 Rc3
44.Nxd5 Rxb3 45.Bc5 Bb7 46.Ne3 Rb2+ 47.Kg3 Ra2 48.Bxa7 Rxa4 49.Bc5 Ra5 50.Bd4 Rxb5
51.f6 gxf6 52.Bxf6 Kg6 53.Bd4 Rb4 54.Bc5 Re4 55.Nf5 Rc4  1/2-1/2

[Event "38th Olympiad w"]
[Site "Dresden GER"]
[Date "2008.11.23"]
[Round "10"]
[White "Rudolf,An"]
[Black "Korbut,E"]
[Result "1/2-1/2"]
[WhiteElo "2318"]
[BlackElo "2459"]

1.e4 c5 2.Nf3 d6 3.Bb5+ Nc6 4.O-O Bd7 5.c3 a6 6.Ba4 b5 7.Bc2 e5 8.d4 cxd4
9.cxd4 Bg4 10.Be3 exd4 11.Bxd4 Bxf3 12.gxf3 Nxd4 13.Qxd4 Be7 14.Nc3 Bf6 15.Qe3 Ne7
16.Kh1 O-O 17.Rad1 Rc8 18.Bb3 Bxc3 19.bxc3 Ng6 20.f4 Qf6 21.f5 Ne5 22.Rg1 Nc4
23.Qd4 Qxd4 24.Rxd4 Na5 25.f6 g6 26.Rxd6 Nxb3 27.axb3 Rfe8 28.Re1 Rxc3 29.Rxa6 Rxb3
30.e5 Rf3 31.Kg2 Rf5 32.Kg3 h6 33.f4 g5 34.fxg5 hxg5 35.e6 fxe6 36.Rexe6 Rxe6  1/2-1/2

[Event "38th Olympiad"]
[Site "Dresden GER"]
[Date "2008.11.23"]
[Round "10"]
[White "Rocha,S"]
[Black "Bogner,S"]
[Result "1/2-1/2"]
[WhiteElo "2417"]
[BlackElo "2448"]

1.e4 c5 2.Nf3 d6 3.Bb5+ Bd7 4.Bxd7+ Qxd7 5.O-O Nf6 6.Re1 Nc6 7.c3 e6 8.d4 cxd4
9.cxd4 d5 10.e5 Ne4 11.Nbd2 Nxd2 12.Bxd2 Be7 13.g3 O-O 14.Kg2 Rac8 15.h4 Nb4
16.Bc3 Nc6 17.Rh1 f6 18.exf6 Rxf6 19.Re1 Rcf8 20.Re3 b5 21.Qd3 b4 22.Be1 h6
23.Ne5 Nxe5 24.Rxe5 Qc6 25.a3 bxa3 26.bxa3 Rc8 27.Bb4 Bd8 28.Bc5 Bb6 29.Bxb6 Qxb6
30.Rb1 Qc6 31.Re2 Qc3 32.Rb3 Qxd3 33.Rxd3 Rc4 34.f4 h5 35.Rb2 g6 36.Re3 Rxd4
37.Rb8+ Kg7 38.Re8 Kf7 39.Rc8 Kg7 40.Rc6 Ra4 41.Rexe6 Rxe6 42.Rxe6 Rxa3 43.Rd6 Ra5
44.Kf2 Kf7 45.Ke3 Ra3+ 46.Kf2 Ra5 47.Ke3 Rb5 48.Rd7+ Ke6 49.Rxa7 Kf5 50.Ra6 Rb3+
51.Kf2 Rb2+ 52.Ke3 Rb3+ 53.Kf2 Rb2+  1/2-1/2

[Event "38th Olympiad"]
[Site "Dresden GER"]
[Date "2008.11.23"]
[Round "10"]
[White "Picado,J"]
[Black "Zugic,I"]
[Result "0-1"]
[WhiteElo "2219"]
[BlackElo "2457"]

1.e4 c5 2.Nf3 d6 3.Bb5+ Nc6 4.O-O Bd7 5.Re1 a6 6.Bf1 Nf6 7.h3 e5 8.c3 Be7
9.d4 cxd4 10.cxd4 O-O 11.d5 Na7 12.a4 Qb8 13.b4 Nc8 14.Nc3 a5 15.Ba3 Bd8
16.b5 Bb6 17.Bd3 Bc5 18.Bxc5 dxc5 19.Qc1 b6 20.Nb1 Re8 21.Nbd2 Nh5 22.Nc4 f6
23.Ra3 Nf4 24.Bf1 Ng6 25.g3 Kh8 26.h4 Qc7 27.h5 Nf8 28.h6 g6 29.Nh4 Nd6 30.f4 Nxc4
31.Bxc4 Bg4 32.Ng2 Bh3 33.Nh4 Rad8 34.Rf3 Qe7 35.Qb2 Rd6 36.Rf2 g5 37.fxe5 fxe5
38.Nf3 Nd7 39.Qd2 Rg8 40.Rh2 Bg4 41.Rf1 Rgg6 42.Qe3 Bxf3 43.Qxf3 Rxh6 44.Rxh6 Rxh6
45.d6 Rxd6 46.Qg4 Rf6 47.Rxf6 Nxf6 48.Qxg5 Qd6 49.Kg2 Qe7 50.Ba2 Nd5 51.Qd2 Nf6
52.Qh6 Qg7 53.Qh4 Qg6 54.Kf3 Kg7 55.Bb1 h6 56.Qh1 Qh5+ 57.Qxh5 Nxh5 58.Kg4 Kg6
59.Ba2 Nf6+ 60.Kf3 Kg5 61.Bf7 h5 62.Be6 Ne8 63.Bd5 Nd6 64.Bb3 h4 65.gxh4+ Kxh4
66.Bd5 c4 67.Ke3 Kg3 68.Bc6 Kg2 69.Ke2 Kg1 70.Bd5 Kg2 71.Bc6 c3 72.Kd3 Kf3
73.Kxc3 Ke3 74.Bd5 Nxe4+ 75.Bxe4 Kxe4 76.Kc4 Kf5 77.Kd5 e4 78.Kc6 e3 79.Kxb6 e2
80.Ka7 e1=Q 81.b6 Qe3 82.Ka8 Qe8+  0-1

[Event "38th Olympiad"]
[Site "Dresden GER"]
[Date "2008.11.23"]
[Round "10"]
[White "Chan Wei Xuan,T"]
[Black "Krulich,R"]
[Result "0-1"]
[WhiteElo "2264"]
[BlackElo "2239"]

1.e4 c5 2.Nf3 d6 3.Bb5+ Bd7 4.Bxd7+ Qxd7 5.O-O Nf6 6.Qe2 Nc6 7.Rd1 e6 8.d4 cxd4
9.Nxd4 a6 10.c4 Rc8 11.Nc3 Be7 12.b3 O-O 13.Bb2 Qc7 14.Rd3 Nd7 15.Nxc6 Qxc6
16.Nd5 Bg5 17.Rg3 exd5 18.Rxg5 f6 19.Rxd5 Nb6 20.Rd4 Rce8 21.Rad1 Re6 22.Qd3 Nc8
23.Ba3 Rfe8 24.f3 f5 25.exf5 Re3 26.Qd2 Re2 27.Qc3 R8e3 28.R1d3 Re1+ 29.Kf2 R3e2+
30.Kg3 Ne7 31.Rd5 Nxd5 32.Rxd5 Rg1 33.Rxd6 Rgxg2+ 34.Kf4 Qe8 35.Qd4 g5+ 36.fxg6 Qf8+
37.Qf6 Qh6+ 38.Kf5 Qh3+ 39.Kf4 Qxh2+ 40.Kf5 hxg6+  0-1

[Event "38th Olympiad"]
[Site "Dresden GER"]
[Date "2008.11.25"]
[Round "11"]
[White "Berend,F"]
[Black "Ghaem Maghami,E"]
[Result "1-0"]
[WhiteElo "2345"]
[BlackElo "2599"]

1.e4 c5 2.Nf3 d6 3.Bb5+ Nc6 4.O-O Bd7 5.Re1 Nf6 6.h3 e6 7.c3 d5 8.exd5 Nxd5
9.d4 cxd4 10.Nxd4 Bc5 11.Nb3 Be7 12.N1d2 O-O 13.Nf3 Qc7 14.Qe2 Rad8 15.Qe4 Ne5
16.Be2 Ng6 17.Bf1 Bc6 18.Qc2 b6 19.Nbd4 Bb7 20.Bg5 Bxg5 21.Nxg5 Ndf4 22.Rad1 Qe7
23.Ngf3 Qf6 24.Nh2 Qg5 25.g3 Qd5 26.Ndf3 Qh5 27.Rxd8 Rxd8 28.Rd1 Rf8 29.Bg2 Nxh3+
30.Kf1 Ng5 31.g4 Qh6 32.Qd2 Ba6+ 33.Kg1 Nf4 34.Nxg5 Qxg5 35.Qe3 Be2 36.Rd4 e5
37.Rxf4 Qxf4 38.Qxe2 Rd8 39.Nf1 g6 40.Ne3 Kg7 41.Bd5 Rd6 42.c4 Qd4 43.Kg2 h6
44.b3 Rf6 45.f3 Rd6 46.Kf1 Qa1+ 47.Kf2 Qd4 48.Qc2 b5 49.Ke2 bxc4 50.Bxc4 Qf4
51.Bd5 Qh2+ 52.Kd3 Qxc2+ 53.Kxc2 Kf6 54.Kd3 Kg5 55.Ke4 f6 56.Nd1 h5 57.Nf2 hxg4
58.fxg4 Rd8 59.b4 Re8 60.Bc6 Rd8 61.Bd5 Rb8 62.a3 Rb6 63.Bb3 Rd6 64.Kf3 f5
65.gxf5 gxf5 66.a4 Rd4 67.b5 Rb4 68.Bc2 Rc4 69.Bd1 e4+ 70.Ke2 f4 71.a5 Kf5
72.b6 axb6 73.axb6 f3+ 74.Ke3 Rc3+ 75.Kd4 e3 76.Kxc3 exf2 77.Bc2+ Ke5  1-0

[Event "38th Olympiad"]
[Site "Dresden GER"]
[Date "2008.11.25"]
[Round "11"]
[White "Picado,J"]
[Black "Waqar,M"]
[Result "0-1"]
[WhiteElo "2219"]
[BlackElo "2207"]

1.e4 c5 2.Nf3 d6 3.Bb5+ Nc6 4.O-O Bd7 5.c3 a6 6.Ba4 Nf6 7.Re1 b5 8.Bc2 Bg4
9.a4 b4 10.d4 cxd4 11.cxd4 e5 12.d5 Nd4 13.Bd3 Nh5 14.Be3 Nxf3+ 15.gxf3 Bh3
16.Qe2 Qf6 17.Kh1 Be7 18.Rg1 h6 19.Nd2 O-O 20.Bxa6 Nf4 21.Bxf4 Qxf4 22.Bd3 Bg5
23.Nc4 Rfd8 24.b3 Qh4 25.Ne3 Rdc8 26.Bc4 Qh5 27.Ng4 Kh8 28.Ne3 Bf4 29.Ng2 Bxh2
30.Ne3 Bf4 31.Rg3 Bf1+  0-1

[Event "21st Belgrade Trophy"]
[Site "Obrenovac SRB"]
[Date "2008.11.27"]
[Round "1"]
[White "Brankov,Kri"]
[Black "Stanoev,A"]
[Result "0-1"]
[WhiteElo "1896"]
[BlackElo "2259"]

1.e4 c5 2.Nf3 d6 3.Bb5+ Nd7 4.c3 Nf6 5.d3 g6 6.O-O Bg7 7.Re1 O-O 8.Ba4 Ne5
9.Nxe5 dxe5 10.h3 b6 11.f4 Nh5 12.fxe5 Bxe5 13.Bh6 Ng7 14.Na3 Qc7 15.Qe2 Bf4
16.Bxf4 Qxf4 17.Qe3 Qxe3+ 18.Rxe3 Rd8 19.Rd1 Bd7 20.Bxd7 Rxd7 21.Nc2 Rad8
22.d4 cxd4 23.Rxd4 Ne6 24.Rxd7 Rxd7 25.Nb4 Rd2 26.Nd3 Nc5 27.Nxc5 bxc5 28.b3 Rxa2
29.c4 Kg7 30.Kh2 Kf6 31.Kg3 Ke5 32.Rd3 Rb2 33.Kf3 e6 34.h4 h5 35.g3 a5 36.Ke3 f5
37.exf5 gxf5  0-1

[Event "Bundesliga 2008-9"]
[Site "Baden Baden GER"]
[Date "2008.11.28"]
[Round "7"]
[White "Movsesian,S"]
[Black "Balogh,C"]
[Result "1/2-1/2"]
[WhiteElo "2732"]
[BlackElo "2616"]

1.e4 c5 2.Nf3 d6 3.Bb5+ Bd7 4.Bxd7+ Nxd7 5.O-O Ngf6 6.Qe2 e6 7.c4 Ne5 8.Nxe5 dxe5
9.d3 Be7 10.Nc3 O-O 11.f4 exf4 12.Bxf4 Nd7 13.Kh1 Bg5 14.Bd6 Be7 15.Bxe7 Qxe7
16.e5 Rad8 17.Rae1 f6 18.exf6 Rxf6 19.Rg1 Rh6 20.h3 Nb8 21.Nd5 Qd6 22.Rgf1 Nc6
23.Qe4 Nd4 24.Ne3 b6 25.Ng4 Rh5 26.Ne5 Rf5 27.g4 Rf6 28.Kg2 Rdf8 29.Rxf6 gxf6
30.Nf3 Nxf3 31.Kxf3 Kg7 32.Qxe6 Qxd3+ 33.Kg2 Rf7 34.h4 Qd4 35.Re2 Qd7 36.h5 Qxe6
37.Rxe6 Rd7 38.Kf3 Rd2 39.Re7+ Kh6 40.Rxa7 Rxb2 41.Rf7 Rxa2 42.Rxf6+ Kg7
43.Rxb6 Rc2 44.Rb7+ Kg8 45.h6 Rxc4 46.Rg7+ Kh8 47.Rc7 Kg8 48.Kg3 Re4 49.Rxc5 Re8
50.Rc7 Kh8 51.Kh4 Rf8 52.Kg5 Kg8 53.Rc5 Kh8 54.Rf5 Rg8+ 55.Kf4 Ra8 56.Rf7 Ra4+
57.Kg5 Ra5+  1/2-1/2

[Event "Bundesliga 2008-9"]
[Site "Emsdetten GER"]
[Date "2008.11.28"]
[Round "7"]
[White "Hracek,Z"]
[Black "Spoelman,W"]
[Result "0-1"]
[WhiteElo "2613"]
[BlackElo "2459"]

1.e4 c5 2.Nf3 d6 3.Bb5+ Nc6 4.O-O Bd7 5.Re1 Nf6 6.c3 a6 7.Ba4 b5 8.Bc2 Bg4
9.a4 g6 10.h3 Bxf3 11.Qxf3 Rb8 12.axb5 axb5 13.Qd1 Qb6 14.d3 Bg7 15.Be3 O-O
16.d4 cxd4 17.cxd4 Nd7 18.d5 Nd4 19.Nc3 Qc5 20.Bb1 Rfe8 21.f4 Qb4 22.Ra7 Nb6
23.e5 dxe5 24.fxe5 Bxe5 25.Bf2 Bg7 26.Kh2 Nc4 27.Ne4 Rbd8 28.d6 Nxd6 29.Nxd6 Qxd6+
30.Bg3 Qb4 31.Re4 Bf6 32.Ra6 Qxb2 33.Bc7 Rc8 34.Ba2 Rxc7 35.Rxf6 Qxa2 36.Qxd4 Rc2  0-1

[Event "21st Belgrade Trophy"]
[Site "Obrenovac SRB"]
[Date "2008.11.29"]
[Round "3"]
[White "Stojkovska,M"]
[Black "Zivkovic,Drago"]
[Result "1-0"]
[WhiteElo "1865"]
[BlackElo "2087"]

1.e4 c5 2.Nf3 d6 3.Bb5+ Bd7 4.Bxd7+ Qxd7 5.O-O Nc6 6.c3 Nf6 7.Re1 e6 8.d4 cxd4
9.cxd4 d5 10.e5 Ne4 11.Nbd2 Nxd2 12.Bxd2 Be7 13.Rc1 O-O 14.a3 a5 15.Rc3 b5
16.Rd3 a4 17.Ng5 h6 18.Nh3 f5 19.Rg3 Kh7 20.Qh5 Qe8 21.Rxg7+ Kxg7 22.Qxh6+ Kg8
23.Re3 Bh4 24.Qxh4 Ra7 25.Rg3+ Rg7 26.Rxg7+ Kxg7 27.Bh6+ Kh7 28.Bxf8+ Kg8
29.Bh6 Qg6 30.Nf4 Qg4 31.Qxg4+ fxg4 32.Ne2 b4 33.Bd2 bxa3 34.bxa3 Kf7 35.h3 gxh3
36.gxh3 Kg6 37.Kg2 Kf5 38.f3  1-0

[Event "UTD Invitational IM"]
[Site "Richardson USA"]
[Date "2008.11.29"]
[Round "7"]
[White "Lopez,Ne"]
[Black "Vedrickas,T"]
[Result "0-1"]
[WhiteElo "2173"]
[BlackElo "2268"]

1.e4 c5 2.Nf3 d6 3.Bb5+ Nd7 4.d4 cxd4 5.Qxd4 a6 6.Bxd7+ Bxd7 7.Bg5 Rc8 8.Nc3 Nf6
9.O-O-O h6 10.Bxf6 gxf6 11.Rhe1 Qa5 12.e5 Rxc3 13.bxc3 Qa3+ 14.Kb1 Be6 15.Qb4 Qxb4+
16.cxb4 fxe5 17.a4 Rg8 18.g3 Rg4 19.c3 Bb3 20.Rd2 Bxa4 21.h3 Rc4 22.Kb2 Bc6
23.Nh4 Bd7 24.Ng2 Bg7 25.Ne3 Rc6 26.Kb3 Be6+ 27.Nd5 b5 28.Re3 h5 29.f4 Bxh3
30.fxe5 Bxe5 31.Nf4 Bxf4 32.gxf4 Be6+ 33.Rxe6 fxe6 34.Rh2 Rc4 35.Rxh5 Rxf4
36.Rh8+ Rf8 37.Rh2 Kd7 38.Ra2 Ra8 39.c4 Kc6 40.cxb5+ Kxb5 41.Ra5+ Kb6  0-1

[Event "UTD Invitational IM"]
[Site "Richardson USA"]
[Date "2008.11.30"]
[Round "9"]
[White "Lopez,Ne"]
[Black "Kiewra,K"]
[Result "1/2-1/2"]
[WhiteElo "2173"]
[BlackElo "2380"]

1.e4 c5 2.Nf3 d6 3.Bb5+ Bd7 4.Bxd7+ Qxd7 5.c4 e5 6.d3 Nc6 7.Nc3 g6 8.O-O Bg7
9.Nd5 Nge7 10.Bh6 O-O 11.Bxg7 Kxg7  1/2-1/2

[Event "Mediterranean Open"]
[Site "Rijeka CRO"]
[Date "2008.11.30"]
[Round "3"]
[White "Prlac,V"]
[Black "Bukal,V jr"]
[Result "0-1"]
[WhiteElo "2121"]
[BlackElo "2394"]

1.e4 c5 2.Nf3 d6 3.Bb5+ Bd7 4.Bxd7+ Qxd7 5.c4 Nc6 6.Nc3 g6 7.d4 cxd4 8.Nxd4 Bg7
9.Nde2 Nf6 10.O-O O-O 11.f3 Rfc8 12.Bg5 Qd8 13.Qd2 a6 14.Kh1 Qa5 15.Rfd1 Kf8
16.Bh6 b5 17.Bxg7+ Kxg7 18.cxb5 axb5 19.a4 bxa4 20.Rxa4 Qb6 21.Rxa8 Rxa8
22.Rb1 Qb4 23.h3 h5 24.Qc2 Qc5 25.Qd2 Ra5 26.Nd1 Rb5 27.Nec3 Rb4 28.Ne3 Rd4
29.Qe1 Nb4 30.Ned5 Nfxd5 31.Nxd5 Nxd5 32.exd5 Qc2 33.b4 Rxd5 34.b5 Rg5 35.Qf1 Rxg2
36.Rc1 Rf2 37.Qg1 Qe2  0-1

[Event "12th It"]
[Site "Zenica BIH"]
[Date "2008.12.01"]
[Round "4"]
[White "Martinovic,Sl"]
[Black "Rezan,S"]
[Result "1-0"]
[WhiteElo "2480"]
[BlackElo "2423"]

1.e4 c5 2.Nf3 d6 3.Bb5+ Bd7 4.Bxd7+ Qxd7 5.c4 Nf6 6.Nc3 g6 7.d4 cxd4 8.Nxd4 Bg7
9.h3 O-O 10.Be3 Rc8 11.b3 Nc6 12.Rc1 Nxd4 13.Bxd4 Qe6 14.O-O Nd7 15.f4 Bxd4+
16.Qxd4 Nf6 17.Rce1 Qd7 18.f5 Rc5 19.Nd5 Nxd5 20.exd5 Re8 21.Qg4 Rc7 22.fxg6 hxg6
23.Re6 Kg7 24.Rxf7+ Kxf7 25.Qxg6+ Kf8 26.Qf5+  1-0

[Event "12th It"]
[Site "Zenica BIH"]
[Date "2008.12.02"]
[Round "5"]
[White "Nikac,P"]
[Black "Zivkovic,Vj"]
[Result "1/2-1/2"]
[WhiteElo "2390"]
[BlackElo "2429"]

1.e4 c5 2.Nf3 d6 3.Bb5+ Bd7 4.Bxd7+ Qxd7 5.O-O Nc6 6.c3 Nf6 7.Re1 e6 8.d4 cxd4
9.cxd4 d5 10.e5 Ne4 11.Nbd2 Nxd2 12.Bxd2 Be7 13.Bg5 O-O 14.Bxe7 Qxe7 15.Re3 Rfc8
16.Rc1 Qd7 17.Rec3 Ne7 18.Rxc8+ Rxc8 19.Rxc8+ Qxc8 20.h3  1/2-1/2

[Event "12th It"]
[Site "Zenica BIH"]
[Date "2008.12.05"]
[Round "8"]
[White "Zivkovic,Vj"]
[Black "Rezan,S"]
[Result "1/2-1/2"]
[WhiteElo "2429"]
[BlackElo "2423"]

1.e4 c5 2.Nf3 d6 3.Bb5+ Bd7 4.Bxd7+ Qxd7 5.c4 Nf6 6.Nc3 g6 7.d4 cxd4 8.Nxd4 Bg7
9.O-O O-O 10.f3 Rc8 11.b3 d5 12.exd5 Nxd5 13.Nxd5 e6 14.Bh6 exd5 15.Bxg7 Kxg7
16.cxd5 Qxd5 17.Ne2 Qe5 18.Qd4 Nc6 19.Qxe5+ Nxe5 20.Rac1 Rxc1 21.Rxc1 Rd8  1/2-1/2